Journal of the indian academy of wood sience (Record no. 152495)

MARC details
000 -LEADER
fixed length control field 00468nam a22001697a 4500
005 - DATE AND TIME OF LATEST TRANSACTION
control field 20180601151545.0
008 - FIXED-LENGTH DATA ELEMENTS--GENERAL INFORMATION
fixed length control field 180601b xxu||||| |||| 00| 0 eng d
022 0# - INTERNATIONAL STANDARD SERIAL NUMBER
International Standard Serial Number 0972-172X
082 ## - DEWEY DECIMAL CLASSIFICATION NUMBER
Classification number 620.12
245 10 - TITLE STATEMENT
Title Journal of the indian academy of wood sience
260 ## - PUBLICATION, DISTRIBUTION, ETC. (IMPRINT)
Place of publication, distribution, etc New Delhi
Name of publisher, distributor, etc Springer India
300 ## - PHYSICAL DESCRIPTION
Extent v.
Dimensions 28 cm.
310 ## - CURRENT PUBLICATION FREQUENCY
Current publication frequency Half-Yearly
650 #0 - SUBJECT ADDED ENTRY--TOPICAL TERM
Topical term or geographic name as entry element Wood Science
Form subdivision Periodicals.
776 08 - ADDITIONAL PHYSICAL FORM ENTRY
Main entry heading .
942 ## - ADDED ENTRY ELEMENTS (KOHA)
Source of classification or shelving scheme Dewey Decimal Classification
Item type Periodicals
Serial record 1
Call number suffix JOU
Classification part 620.12
Holdings
Withdrawn status Lost status Source of classification or shelving scheme Damaged status Not for loan Collection code Home library Current library Date acquired Source of acquisition Total Checkouts Full call number Date last seen Price effective from Koha item type
    Dewey Decimal Classification   Not For Loan Non-fiction D.B.Act.Division D.B.Act.Division 01/06/2018 DBAD/PUB   620.12 JOU 01/06/2018 01/06/2018 Periodicals

© Delhi Public Library
Hit Counter
free hit counter